| 000 | 00579cam a22002051 4500 | ||
|---|---|---|---|
| 001 | sg 44000058 | ||
| 003 | DLC | ||
| 005 | 20260227112742.0 | ||
| 008 | 810725s1944 xx cf 000 0 eng | ||
| 010 | _asg 44000058 | ||
| 035 | _a(OCoLC)14724516 | ||
| 040 |
_aDLC _cDNLM _dDLC |
||
| 042 | _apremarc | ||
| 050 | 0 | 0 |
_aRA776 _b.S663 |
| 060 | 0 |
_aQT 180 _bS658v 1944 |
|
| 100 | 1 |
_aSmitt, Robert A., _d1886- |
|
| 245 | 1 | 4 |
_aThe voice of super-health _b(a book for adults) _cby Robert A. Smitt. |
| 260 |
_aLos Angeles, Calif. _c[c1944] |
||
| 300 |
_a5 p. l., 15-95 p. _bports., plates. |
||
| 999 |
_c90342 _d90342 |
||